2000 Worldwide Box Office - Statistics

General Stats
  • This quiz has been taken 8 times
  • The average score is 6 of 10
Answer Stats
Rank Movie Title Worldwide Box Office (USD) Distributor/Studio Genre % Correct
2 Gladiator $451,683,599 DreamWorks Historical Drama
100%
9 X-Men $296,872,367 20th Century Fox Superhero/Comics
83%
3 Cast Away $427,230,516 20th Century Fox Disaster Drama
67%
7 Meet the Parents $330,425,040 Universal Comedy
67%
1 Mission: Impossible 2 $549,588,516 Paramount Action
67%
5 Dinosaur $356,148,063 Disney Family/Animation
50%
6 How the Grinch Stole Christmas $347,522,208 Universal Family/Holiday
50%
8 The Perfect Storm $328,711,434 Warner Bros. Disaster Drama
33%
10 What Lies Beneath $288,693,989 DreamWorks Horror/Thriller
33%
4 What Women Want $374,105,123 Paramount Romantic Comedy/Fantasy
33%
No matching quizzes found
Score Distribution
Percent of People with Each Score
Percentile by Number Answered
Your Score History
You have not taken this quiz